Quiz Map Valorant niveau Difficile en images - Statistiques

Statistiques générales
  • Ce quiz a été pris 107 fois
  • Le résultat moyen est 11 sur 16
Statistiques - réponses
Par images Réponse % Correct
Icebox
98%
Lotus
94%
Haven
93%
Bind
91%
Breeze
91%
Split
90%
Ascent
88%
Fracture
85%
Sunset
80%
Abyss
79%
Pearl
77%
Piazza
43%
Kasbah
38%
Entrainement
36%
Drift
30%
District
26%
Aucun quiz correspondant
Distribution des résultats
% des personnes avec chaque résultat
Percentile par nombre de réponses
Votre historique - résultats
Vous n’avez pas pris ce quiz